Statistical Methods (Record no. 10770)
[ view plain ]
| 000 -LEADER | |
|---|---|
| fixed length control field | 00348nam a2200145Ia 4500 |
| 008 - FIXED-LENGTH DATA ELEMENTS--GENERAL INFORMATION | |
| fixed length control field | 191201s2011 xx 000 0 und d |
| 082 ## - DEWEY DECIMAL CLASSIFICATION NUMBER | |
| Classification number | 519.5 |
| Item number | GUS |
| 100 ## - MAIN ENTRY--PERSONAL NAME | |
| Personal name | GUPTA, S.P. |
| 245 #0 - TITLE STATEMENT | |
| Title | Statistical Methods |
| 250 ## - EDITION STATEMENT | |
| Edition statement | 46th |
| 260 ## - PUBLICATION, DISTRIBUTION, ETC. (IMPRINT) | |
| Place of publication, distribution, etc | New Delhi |
| Name of publisher, distributor, etc | S Chand and Sons |
| Date of publication, distribution, etc | 2021 |
| 300 ## - PHYSICAL DESCRIPTION | |
| Extent | Misc |
| 650 ## - SUBJECT ADDED ENTRY--TOPICAL TERM | |
| Topical term or geographic name as entry element | BA Economics |
| 942 ## - ADDED ENTRY ELEMENTS (KOHA) | |
| Source of classification or shelving scheme | Dewey Decimal Classification |
| Koha item type | Text Books |
| 942 ## - ADDED ENTRY ELEMENTS (KOHA) | |
| -- | 1 |
| Withdrawn status | Lost status | Source of classification or shelving scheme | Damaged status | Not for loan | Collection code | Home library | Current library | Date acquired | Source of acquisition | Currency | Cost, normal purchase price | Bill Number | Total Checkouts | Total Renewals | Full call number | Acc. no. / Barcode | Date last seen | Date last borrowed | Actual Cost, discounted price | Bill Date | Koha item type |
|---|---|---|---|---|---|---|---|---|---|---|---|---|---|---|---|---|---|---|---|---|---|
| Dewey Decimal Classification | B.A Economics | PIET NCR College Library | PIET NCR College Library | 15/07/2021 | Kirti Prakashan | IN Rupees | 695.00 | IN2265 | 6 | 1 | 519.5 GUS | N1313 | 15/04/2026 | 07/04/2026 | 569.90 | 15/07/2021 | Text Books | ||||
| Dewey Decimal Classification | B.A Economics | PIET NCR College Library | PIET NCR College Library | 15/07/2021 | Kirti Prakashan | IN Rupees | 695.00 | IN2265 | 519.5 GUS | N1314 | 03/08/2021 | 569.90 | 15/07/2021 | Reference Books | |||||||
| Dewey Decimal Classification | B.A Economics | PIET NCR College Library | PIET NCR College Library | 15/07/2021 | Kirti Prakashan | IN Rupees | 695.00 | IN2265 | 6 | 519.5 GUS | N1315 | 11/05/2026 | 05/05/2026 | 569.90 | 15/07/2021 | Text Books | |||||
| Dewey Decimal Classification | B.A Economics | PIET NCR College Library | PIET NCR College Library | 15/07/2021 | Kirti Prakashan | IN Rupees | 695.00 | IN2265 | 4 | 519.5 GUS | N1316 | 22/04/2026 | 07/04/2026 | 569.90 | 15/07/2021 | Text Books | |||||
| Dewey Decimal Classification | B.A Economics | PIET NCR College Library | PIET NCR College Library | 15/07/2021 | Kirti Prakashan | IN Rupees | 695.00 | IN2265 | 5 | 519.5 GUS | N1317 | 11/05/2026 | 05/05/2026 | 569.90 | 15/07/2021 | Text Books |